[Event "Olympiad Women-44"]
[Site "Chennai"]
[Date "2022.08.06"]
[Round "8.3"]
[White "Pires, Luzia"]
[Black "Mudodo, Refiloe Hazel"]
[Result "1/2-1/2"]
[WhiteElo "1842"]
[BlackElo "1604"]
[PlyCount "65"]
[EventDate "2022.07.29"]
[EventType "team-swiss"]
[EventRounds "11"]
[EventCountry "IND"]
[SourceTitle "CBM 210"]
[Source "ChessBase"]
[SourceDate "2022.10.31"]
[SourceVersion "1"]
[SourceVersionDate "2022.10.31"]
[SourceQuality "1"]
[WhiteTeam "Angola (W)"]
[BlackTeam "Zimbabwe (W)"]
[WhiteTeamCountry "ANG"]
[BlackTeamCountry "ZIM"]

1. d4 d5 2. Nf3 Nf6 3. e3 Bf5 4. Bd3 Bxd3 5. Qxd3 c6 6. Nbd2 e6 7. 0-0 Nbd7 8. e4 dxe4 9. Nxe4 Nxe4 10. Qxe4 Nf6 11. Qe2 Be7 12. h3 0-0 13. Bf4 h6 14. c3 Bd6 15. Be5 Bxe5 16. Nxe5 Qb6 17. Rfd1 Rad8 18. Qc2 c5 19. dxc5 Qxc5 20. Nd3 Qf5 21. Nb4 Qxc2 22. Nxc2 Ne4 23. Ne3 Rfe8 24. Kf1 Kf8 25. Ke2 Ke7 26. Rxd8 Rxd8 27. Rd1 Rxd1 28. Nxd1 Kd6 29. Kd3 Nf6 30. c4 Nh5 31. Kd4 Nf4 32. c5+ Kc6 33. Ne3 1/2-1/2

[Event "Online Olym Div2 D"]
[Site "Chess.com INT"]
[Date "2021.09.03"]
[Round "4.5"]
[White "Janzelj, Lara"]
[Black "Pires, Luzia"]
[Result "1-0"]
[WhiteElo "2186"]
[BlackElo "1768"]
[PlyCount "79"]
[EventDate "2021.09.02"]
[EventType "team (rapid)"]
[EventRounds "9"]
[EventCountry "USA"]
[SourceTitle "CBM 204 Extra"]
[Source "ChessBase"]
[SourceDate "2021.11.30"]
[SourceVersion "1"]
[SourceVersionDate "2021.11.30"]
[SourceQuality "1"]
[WhiteTeam "Slovenia"]
[BlackTeam "Angola"]
[WhiteTeamCountry "SLO"]
[BlackTeamCountry "ANG"]

1. d4 e6 2. c4 d5 3. Nf3 f5 4. g3 Nf6 5. Bg2 Bd6 6. 0-0 0-0 7. b3 c6 8. Bf4 h6 9. Nbd2 g5 10. Bxd6 Qxd6 11. Qc2 Bd7 12. h4 gxh4 13. Nxh4 Be8 14. c5 Qe7 15. Ndf3 Nbd7 16. b4 Qg7 17. e3 Bh5 18. Ne1 Ne4 19. Nd3 Kh8 20. Nf4 Bf7 21. Bxe4 fxe4 22. Kg2 Nf6 23. Rh1 Ng4 24. Qe2 e5 25. dxe5 Nxe5 26. Nf5 Qg4 27. Rxh6+ Kg8 28. Qxg4+ Nxg4 29. Rh4 Ne5 30. Rah1 Bg6 31. Ne7+ Kf7 32. Nexg6 Nxg6 33. Rh7+ Kf6 34. R1h6 Rg8 35. Rxb7 Kg5 36. Rxg6+ Rxg6 37. Nxg6 Kxg6 38. Rc7 a5 39. Rxc6+ Kf5 40. b5 1-0

[Event "Africa-ch Blitz (Women)"]
[Site "Casablanca"]
[Date "2019.08.28"]
[Round "7.8"]
[White "Miladi, Amen"]
[Black "Pires, Luzia"]
[Result "0-1"]
[WhiteElo "1651"]
[BlackElo "1636"]
[PlyCount "62"]
[EventDate "2019.08.28"]
[EventType "swiss (blitz)"]
[EventRounds "9"]
[EventCountry "MAR"]
[SourceTitle "EXT 2024"]
[Source "ChessBase"]
[SourceDate "2023.10.10"]
[SourceVersion "1"]
[SourceVersionDate "2023.10.10"]
[SourceQuality "1"]

1. e4 c5 2. Nf3 d6 3. d4 cxd4 4. Qxd4 Nc6 5. Bb5 Bd7 6. Bxc6 Bxc6 7. Be3 Nf6 8. Nc3 g6 9. 0-0-0 Bg7 10. Qd3 0-0 11. h4 h5 12. Nd2 a6 13. f4 b5 14. f5 Kh7 15. Bg5 Ng4 16. Rdf1 b4 17. Nd5 Bb5 18. Nc4 Qc8 19. Ndb6 Qc6 20. Bxe7 Rfe8 21. Bxd6 Rad8 22. fxg6+ fxg6 23. e5 Nxe5 24. Nxe5 Bxe5 25. Rf7+ Bg7 26. Qd4 Rg8 27. Rd1 Qxg2 28. Qf6 Qe2 29. Rg1 Qe3+ 30. Kd1 Qxg1+ 31. Kd2 Qxb6 0-1

[Event "Africa-chT rapid (Women)"]
[Site "Casablanca"]
[Date "2019.08.27"]
[Round "9.3"]
[White "Pires, Luzia"]
[Black "Gabatshwarwe, Refilwe"]
[Result "0-1"]
[WhiteElo "1636"]
[BlackElo "1415"]
[PlyCount "194"]
[EventDate "2019.08.26"]
[EventType "swiss (rapid)"]
[EventRounds "9"]
[EventCountry "MAR"]
[SourceTitle "EXT 2020"]
[Source "ChessBase"]
[SourceDate "2019.10.17"]
[SourceVersion "1"]
[SourceVersionDate "2019.10.17"]
[SourceQuality "1"]

1. e4 e5 2. Nf3 Nc6 3. Bc4 Bc5 4. 0-0 d6 5. h3 Nf6 6. d3 h6 7. a3 a6 8. Nc3 0-0 9. Kh1 Be6 10. Ba2 Bxa2 11. Rxa2 Nh7 12. Nh2 f5 13. exf5 Rxf5 14. Ne4 Ba7 15. f4 exf4 16. Bxf4 Qe7 17. Ng3 Rf7 18. Ra1 Raf8 19. Bd2 Rxf1+ 20. Nhxf1 Rf2 21. Qg4 Nd8 22. Nf5 Qf6 23. N5g3 Qe6 24. Qxe6+ Nxe6 25. Re1 Kf7 26. Ne4 Rf5 27. Nfg3 Rb5 28. Rf1+ Nf6 29. Nxf6 gxf6 30. Bc3 Bd4 31. a4 Re5 32. Bxd4 Nxd4 33. c3 Ne2 34. Kh2 Nxg3 35. Kxg3 Kg6 36. Rf4 c5 37. Kf3 Re1 38. Re4 Rb1 39. b4 Rb3 40. bxc5 Rxc3 41. Ke3 Rxc5 42. Rb4 b5 43. axb5 Rxb5 44. Ra4 a5 45. Rd4 d5 46. Ra4 Kg5 47. g3 h5 48. h4+ Kf5 49. Rf4+ Ke5 50. Ra4 f5 51. Kd2 Rb2+ 52. Ke3 Rb5 53. d4+ Kf6 54. Kf4 Rb4 55. Rxa5 Rxd4+ 56. Ke3 Rg4 57. Rxd5 Rxg3+ 58. Kf4 Rg4+ 59. Kf3 Rxh4 60. Rd8 Rh3+ 61. Kf4 Rh4+ 62. Kf3 Re4 63. Rf8+ Kg5 64. Rg8+ Kh4 65. Rg1 Rg4 66. Rc1 Kg5 67. Rc8 Ra4 68. Rg8+ Kh4 69. Rf8 Ra1 70. Rg8 Ra4 71. Rf8 Ra1 72. Rg8 Rf1+ 73. Kg2 Rf4 74. Rf8 Rg4+ 75. Kh2 f4 76. Rf7 Kg5 77. Kh3 Rg3+ 78. Kh2 h4 79. Rg7+ Kf5 80. Rh7 Kg4 81. Ra7 h3 82. Rg7+ Kf3 83. Ra7 Ke4 84. Re7+ Kf5 85. Rf7+ Ke4 86. Re7+ Kf3 87. Ra7 Kg4 88. Rg7+ Kf3 89. Ra7 Ke4 90. Re7+ Kf5 91. Rf7+ Ke5 92. Re7+ Kf6 93. Rh7 Ke5 94. Rxh3 Rxh3+ 95. Kxh3 Ke4 96. Kg2 Ke3 97. Kf1 Kf3 0-1

[Event "Africa-chT rapid"]
[Site "Casablanca"]
[Date "2019.08.24"]
[Round "2.1"]
[White "Wafa, Shahenda"]
[Black "Pires, Luzia"]
[Result "1-0"]
[WhiteElo "2139"]
[BlackElo "1924"]
[PlyCount "93"]
[EventDate "2019.08.24"]
[EventType "team-swiss (rapid)"]
[EventRounds "9"]
[EventCountry "MAR"]
[SourceTitle "EXT 2020"]
[Source "ChessBase"]
[SourceDate "2019.10.17"]
[SourceVersion "1"]
[SourceVersionDate "2019.10.17"]
[SourceQuality "1"]
[WhiteTeam "Egypt"]
[BlackTeam "Angola"]
[WhiteTeamCountry "EGY"]
[BlackTeamCountry "ANG"]

1. e4 c5 2. Nf3 d6 3. d4 cxd4 4. Nxd4 Nf6 5. Nc3 g6 6. Be3 Bg7 7. f3 0-0 8. Qd2 Nc6 9. g4 Nxd4 10. Bxd4 Be6 11. h4 Nd7 12. Bxg7 Kxg7 13. h5 Rh8 14. h6+ Kf8 15. 0-0-0 Qa5 16. a3 Rc8 17. Be2 Ne5 18. Rhg1 Bc4 19. Bxc4 Nxc4 20. Qd5 Qxd5 21. Nxd5 f6 22. a4 Kf7 23. b3 Ne5 24. f4 Nd7 25. g5 Nc5 26. gxf6 exf6 27. Nc3 Nxb3+ 28. Kb2 Na5 29. Nb5 Nc4+ 30. Kb3 Rc6 31. Nxa7 Na5+ 32. Kb4 Ra6 33. Nb5 Rd8 34. Rd5 Nc6+ 35. Kb3 Ne7 36. Rd4 d5 37. e5 Nc6 38. Rdd1 fxe5 39. fxe5 Nxe5 40. Rgf1+ Kg8 41. Rde1 Ng4 42. Re7 Rf6 43. Rxf6 Nxf6 44. Rxb7 Ng4 45. a5 Nxh6 46. a6 Nf5 47. a7 1-0

[Event "Olympiad Women-43"]
[Site "Batumi"]
[Date "2018.10.03"]
[Round "9.1"]
[White "Jambo, Linda"]
[Black "Pires, Luzia"]
[Result "0-1"]
[WhiteElo "1482"]
[BlackElo "1729"]
[PlyCount "88"]
[EventDate "2018.09.24"]
[EventType "team-swiss"]
[EventRounds "11"]
[EventCountry "GEO"]
[SourceTitle "EXT 2020"]
[Source "ChessBase"]
[SourceDate "2019.10.17"]
[SourceVersion "1"]
[SourceVersionDate "2019.10.17"]
[SourceQuality "1"]
[WhiteTeam "Malawi (W)"]
[BlackTeam "Angola (W)"]
[WhiteTeamCountry "MWI"]
[BlackTeamCountry "ANG"]

1. e4 c5 2. Nf3 d6 3. h3 a6 4. b3 Nf6 5. Nc3 g6 6. Bb2 Bg7 7. Rb1 0-0 8. Be2 Nc6 9. 0-0 Nd4 10. d3 Nc6 11. Re1 Nd7 12. Qc1 Nde5 13. Nxe5 Bxe5 14. Nd1 Qa5 15. Rf1 Nd4 16. Bxd4 Bxd4 17. a4 Bd7 18. Ne3 Bc6 19. Nc4 Qc7 20. Qf4 f5 21. exf5 Rxf5 22. Qg3 Raf8 23. Ne3 Be5 24. Qh4 Rf4 25. Bg4 Kg7 26. f3 h5 27. Qe1 hxg4 28. Nxg4 Bd4+ 29. Kh1 Rh8 30. Qg3 Rf5 31. Rbe1 Qd7 32. Re2 Bf6 33. Rfe1 Bh4 34. Rxe7+ Bxe7 35. Qh2 Bf6 36. Nxf6 Kxf6 37. Qg3 Re8 38. Qh4+ Kg7 39. Rxe8 Qxe8 40. Qg3 Re5 41. c3 Re1+ 42. Kh2 Qe5 43. Qxe5+ dxe5 44. Kg3 Re3 0-1